[Event "World Youth Chess Championships 2016 G14"]
[Site "Khanty Mansiysk"]
[Date "2016.09.22"]
[Round "1.29"]
[White "Aciu, Malina-Andreea"]
[Black "Kvamme, Ingrid Jodre"]
[Result "1-0"]
[WhiteElo "1876"]
[BlackElo "1450"]
[PlyCount "51"]
[EventDate "2016.09.22"]

1. e4 c5 2. Nf3 Nc6 3. d4 cxd4 4. Nxd4 g6 5. Nc3 Bg7 6. Be3 Nf6 7. Bc4 Qa5 8.
O-O O-O 9. Bb3 d6 10. h3 Bd7 11. f4 Rac8 12. a3 Nxd4 13. Bxd4 Bc6 14. Qd3 a6
15. Rad1 b5 16. Qe3 Qc7 17. e5 dxe5 18. fxe5 Ne8 19. Rxf7 Rxf7 20. Rf1 Nf6 21.
exf6 exf6 22. Bxf6 Bxf6 23. Rxf6 Rcf8 24. Qc5 Kg7 25. Bxf7 Kxf6 26. Nd5+ 1-0

[Event "World Youth Chess Championship 2016 G16"]
[Site "Khanty Mansiysk"]
[Date "2016.09.22"]
[Round "1.5"]
[White "Busuioc, Alexandra"]
[Black "Sieber, Fiona"]
[Result "1/2-1/2"]
[WhiteElo "1876"]
[BlackElo "2268"]
[PlyCount "79"]
[EventDate "2016.09.22"]

1. e4 c5 2. Nf3 d6 3. d4 cxd4 4. Nxd4 Nf6 5. Nc3 Nc6 6. Bg5 e6 7. Qd2 a6 8.
O-O-O Bd7 9. f4 b5 10. Nxc6 Bxc6 11. Qe3 Be7 12. Bxf6 gxf6 13. Bd3 Qc7 14. Kb1
Qa7 15. Qe1 O-O-O 16. Rf1 Kb8 17. g3 h5 18. a3 Rdg8 19. Qe2 Bb7 20. Na2 h4 21.
g4 d5 22. e5 h3 23. f5 exf5 24. Bxf5 Qb6 25. e6 fxe6 26. Bxe6 Rd8 27. Bxd5 Bxd5
28. Qxe7 Rhe8 29. Qh7 Bxa2+ 30. Kxa2 Qe6+ 31. b3 Rxd1 32. Rxd1 Rc8 33. Rd2 Qxg4
34. Rd6 Rc7 35. Rb6+ Kc8 36. Qh8+ Kd7 37. Qh7+ Kc8 38. Qh8+ Kd7 39. Qh7+ Kc8
40. Qh8+ 1/2-1/2

[Event "World Youth Chess Championship 2016 G16"]
[Site "Khanty Mansiysk"]
[Date "2016.09.22"]
[Round "1.6"]
[White "Yao, Lan"]
[Black "Limanovska, Elizabete"]
[Result "1-0"]
[WhiteElo "2235"]
[BlackElo "1870"]
[PlyCount "97"]
[EventDate "2016.09.22"]

1. e4 c5 2. Ne2 d6 3. g3 g6 4. Bg2 Bg7 5. c3 e5 6. d4 Bg4 7. dxc5 dxc5 8. Qxd8+
Kxd8 9. Na3 Nd7 10. Nc4 Kc7 11. Ne3 Be6 12. f4 Ne7 13. O-O f6 14. b3 Rad8 15.
Ba3 b6 16. c4 Nb8 17. Nd5+ Nxd5 18. cxd5 Bc8 19. Bb2 Rhf8 20. Nc3 Ba6 21. Rfe1
Kd6 22. a4 Bh6 23. Nb5+ Bxb5 24. axb5 Rd7 25. Bh3 Rc7 26. Bc1 Bg7 27. Re2 Rff7
28. Be6 Rfe7 29. fxe5+ fxe5 30. Bg5 Re8 31. Rf2 h6 32. Bf6 Rf8 33. Raf1 Bxf6
34. Rxf6 Rxf6 35. Rxf6 Rg7 36. Bf5+ Ke7 37. Rxg6 Rxg6 38. Bxg6 a6 39. bxa6 Nxa6
40. Bh5 Nb4 41. Bd1 Kf6 42. Kf2 Na2 43. Ke3 Nc3 44. Be2 Ke7 45. g4 Na2 46. h4
Nb4 47. Kd2 Kf6 48. Bb5 Ke7 49. g5 1-0

[Event "World Youth Chess Championship 2016 G16"]
[Site "Khanty Mansiysk"]
[Date "2016.09.22"]
[Round "1.7"]
[White "Cieslak, Wiktoria"]
[Black "Kazarian, Anna-Maja"]
[Result "0-1"]
[WhiteElo "1869"]
[BlackElo "2231"]
[PlyCount "98"]
[EventDate "2016.09.22"]

1. e4 e6 2. d4 d5 3. Nd2 c5 4. exd5 Qxd5 5. Ngf3 cxd4 6. Bc4 Qd7 7. O-O Nc6 8.
Nb3 a6 9. Nbxd4 Nxd4 10. Nxd4 Bc5 11. Be3 Nf6 12. Re1 O-O 13. c3 b5 14. Bb3 Bb7
15. Qe2 Rfe8 16. Rad1 Qc7 17. a4 e5 18. Nf3 Bxe3 19. Qxe3 h6 20. h3 e4 21. Nd4
bxa4 22. Bxa4 Nd5 23. Qe2 Re5 24. Nf3 Nf4 25. Qe3 Nxg2 26. Rd7 Qxd7 27. Bxd7
Nxe3 28. Nxe5 Nd5 29. Rxe4 g5 30. Rc4 Nf4 31. Rc7 Be4 32. Kh2 Rb8 33. b4 a5 34.
Ng4 Kg7 35. bxa5 Rb2 36. Bc6 Bxc6 37. Rxc6 h5 38. Ne3 Rxf2+ 39. Kg3 Ra2 40. a6
Ne6 41. Nf5+ Kf6 42. Nd4 Ke5 43. Nb5 Kd5 44. Na7 Nc5 45. Rb6 f5 46. Nc8 Ne4+
47. Kf3 Rf2+ 48. Ke3 f4+ 49. Kd3 Rd2# 0-1

[Event "World Youth Chess Championship 2016 G16"]
[Site "Khanty Mansiysk"]
[Date "2016.09.22"]
[Round "1.8"]
[White "Alinasab, Mobina"]
[Black "Blazeka, Mihaela"]
[Result "0-1"]
[WhiteElo "2230"]
[BlackElo "1868"]
[PlyCount "106"]
[EventDate "2016.09.22"]

1. e4 e5 2. Nf3 Nc6 3. Bb5 a6 4. Ba4 Nf6 5. O-O Be7 6. Re1 b5 7. Bb3 d6 8. c3
O-O 9. d3 Na5 10. Bc2 c5 11. Nbd2 Qc7 12. Nf1 Re8 13. h3 Nc6 14. Bg5 Be6 15. g4
d5 16. Ne3 dxe4 17. dxe4 Rad8 18. Qe2 Nd7 19. Nd5 Bxd5 20. exd5 Na5 21. Rad1
Bxg5 22. Nxg5 Nf6 23. Be4 Nc4 24. b3 Nd6 25. Bc2 e4 26. f3 exf3 27. Qxf3 h6 28.
Ne4 Ndxe4 29. Bxe4 Nxe4 30. Rxe4 Rxe4 31. Qxe4 Qg3+ 32. Qg2 Qxc3 33. d6 Qe5 34.
d7 Qc7 35. Qe4 Qg3+ 36. Kh1 Qxh3+ 37. Kg1 Qh4 38. Kg2 h5 39. Qe8+ Kh7 40. Rd5
Qxg4+ 41. Kf2 Qh4+ 42. Kg2 f5 43. Qf7 Qg5+ 44. Kf1 Qf4+ 45. Kg2 Qe4+ 46. Kf2
Qh4+ 47. Kg2 Qg4+ 48. Kf1 Qg6 49. Qe7 Qf6 50. Qe8 Qg5 51. Re5 Rxd7 52. Re6 Rd1+
53. Ke2 Qd2+ 0-1

[Event "World Youth Chess Championship 2016 G16"]
[Site "Khanty Mansiysk"]
[Date "2016.09.22"]
[Round "1.9"]
[White "Simakova, Elena"]
[Black "Priyanka, K."]
[Result "1-0"]
[WhiteElo "1860"]
[BlackElo "2205"]
[PlyCount "101"]
[EventDate "2016.09.22"]

1. Nf3 Nf6 2. c4 g6 3. b4 Bg7 4. Bb2 O-O 5. d4 d6 6. e3 e5 7. Be2 Nfd7 8. Nc3
Nc6 9. a3 f5 10. b5 Ne7 11. Qb3 exd4 12. exd4 Nf6 13. O-O h6 14. c5+ Kh7 15.
Rfe1 Ne4 16. Bd3 d5 17. Ne5 Bxe5 18. dxe5 Nxc5 19. Qc2 Nxd3 20. Qxd3 Be6 21.
Rad1 c5 22. bxc6 bxc6 23. Na4 f4 24. Nc5 Qc8 25. a4 Nf5 26. Ba3 Rf7 27. Rb1 Ng7
28. Rb3 Bf5 29. Qc3 Ne6 30. Rc1 Nd8 31. f3 Be6 32. Rb2 Rf5 33. a5 Rf7 34. a6
Bf5 35. Rb3 Rb8 36. Bb2 Rxb3 37. Qxb3 Ne6 38. Qa4 Nxc5 39. Rxc5 Qb8 40. Qa3 Qb6
41. Kh1 Be6 42. h3 Rd7 43. Bd4 Kg8 44. Kh2 Qd8 45. Rxc6 Kf7 46. Qc1 Qg5 47.
Rxe6 Kxe6 48. Qc6+ Ke7 49. Bc5+ Kd8 50. Qa8+ Kc7 51. Qb7+ 1-0

[Event "World Youth Chess Championship 2016 G16"]
[Site "Khanty Mansiysk"]
[Date "2016.09.22"]
[Round "1.10"]
[White "Kiolbasa, Oliwia"]
[Black "Mammadova, Susan"]
[Result "1-0"]
[WhiteElo "2196"]
[BlackElo "1836"]
[PlyCount "69"]
[EventDate "2016.09.22"]

1. e4 g6 2. d4 Bg7 3. Nc3 d6 4. h3 Nf6 5. Nf3 O-O 6. Be3 c6 7. a4 a5 8. Bd3 Na6
9. O-O Nc7 10. Re1 Nh5 11. e5 Ne6 12. Qd2 Bh8 13. Rad1 d5 14. Ne2 Nhg7 15. Nh2
b6 16. c3 Ba6 17. Bc2 Nc7 18. f4 f5 19. exf6 exf6 20. f5 g5 21. h4 h6 22. Ng4
Bc8 23. Nxh6+ Kh7 24. hxg5 Nge8 25. g6+ Kg7 26. Nf7 Rxf7 27. Bh6+ Kg8 28. gxf7+
Kxf7 29. Nf4 Nd6 30. Qe2 Nce8 31. Qh5+ Kg8 32. Qg6+ Bg7 33. Nh5 Ra7 34. Bxg7
Nxg7 35. Nxf6+ 1-0

[Event "World Youth Chess Championship 2016 G16"]
[Site "Khanty Mansiysk"]
[Date "2016.09.22"]
[Round "1.11"]
[White "Zairbek Kyzy, Begimay"]
[Black "Di Benedetto, Desiree"]
[Result "0-1"]
[WhiteElo "1836"]
[BlackElo "2183"]
[PlyCount "84"]
[EventDate "2016.09.22"]

1. e4 e6 2. d4 d5 3. e5 c5 4. c3 Nc6 5. Nf3 Bd7 6. Bd3 Rc8 7. a3 cxd4 8. cxd4
Qb6 9. Bc2 Na5 10. Nc3 Nc4 11. Rb1 Qa6 12. Bd2 Nxd2 13. Qxd2 Ne7 14. Bd3 Qb6
15. O-O Nc6 16. Qf4 Be7 17. Ne2 O-O 18. Ng3 f6 19. exf6 Bxf6 20. Ne2 g6 21. Qh6
Rf7 22. h4 Nxd4 23. Nexd4 Bxd4 24. Ng5 Rg7 25. h5 e5 26. hxg6 hxg6 27. g3 e4
28. Kg2 exd3 29. Rh1 Re7 30. Rh4 Qf6 31. Nf3 Bxb2 32. Rbh1 g5 33. Nxg5 Qxh6 34.
Rxh6 Rc6 35. R6h5 d2 36. Nf3 Rc1 37. Rxd5 Rxh1 38. Kxh1 Bc6 39. Rd8+ Kg7 40.
Kg2 Bxf3+ 41. Kxf3 Bc1 42. Rd4 Re1 0-1

[Event "World Youth Chess Championship 2016 G16"]
[Site "Khanty Mansiysk"]
[Date "2016.09.22"]
[Round "1.12"]
[White "Aakanksha, Hagawane"]
[Black "Krapivina, Galina"]
[Result "1-0"]
[WhiteElo "2183"]
[BlackElo "1834"]
[PlyCount "75"]
[EventDate "2016.09.22"]

1. e4 e6 2. d4 d5 3. e5 c5 4. c3 Qb6 5. a3 Bd7 6. b4 cxb4 7. cxb4 Bb5 8. Bd3
Qa6 9. Bxb5+ Qxb5 10. Ne2 Nc6 11. Nbc3 Qc4 12. Bb2 Nh6 13. Rc1 Nf5 14. Na4 Qb5
15. O-O Be7 16. Nec3 Qc4 17. Ne4 Qb5 18. Nec5 a5 19. Nc3 Qb6 20. b5 Nd8 21. Qd3
Bxc5 22. Na4 Qc7 23. dxc5 O-O 24. Nb6 Rb8 25. Nxd5 exd5 26. Qxf5 Ne6 27. Qg4
Qe7 28. f4 Qd7 29. f5 Nc7 30. c6 bxc6 31. bxc6 Qc8 32. Bd4 Nb5 33. Bc5 Re8 34.
Qg3 Ra8 35. f6 g6 36. Qg5 Nc7 37. Qh6 Ne6 38. Rf3 1-0

[Event "World Youth Chess Championship 2016 G16"]
[Site "Khanty Mansiysk"]
[Date "2016.09.22"]
[Round "1.13"]
[White "Radeva, Viktoria"]
[Black "Kopcova, Ludmila"]
[Result "0-1"]
[WhiteElo "2143"]
[BlackElo "1798"]
[PlyCount "112"]
[EventDate "2016.09.22"]

1. e4 e5 2. Bc4 Nf6 3. d3 c6 4. Nf3 d5 5. Bb3 Bd6 6. exd5 cxd5 7. Bg5 Nbd7 8.
O-O h6 9. Bxf6 Nxf6 10. Nc3 d4 11. Nb5 O-O 12. Re1 Re8 13. Nxd6 Qxd6 14. h3 b5
15. Qe2 Nd7 16. Nd2 Bb7 17. Qh5 Bd5 18. Ne4 Qc6 19. Bxd5 Qxd5 20. a4 b4 21. g4
Rac8 22. Re2 Rc6 23. Qh4 Rec8 24. Rc1 Nc5 25. Nxc5 Rxc5 26. b3 Qf3 27. Rd2 Qf4
28. Rcd1 Rxc2 29. Rxc2 Rxc2 30. Qd8+ Kh7 31. Rf1 Qf3 32. Qd7 f6 33. Qxa7 Qxh3
34. Qd7 Qxd3 35. a5 Ra2 36. Qd5 Qg6 37. Rc1 Qxg4+ 38. Qg2 Qxg2+ 39. Kxg2 Rxa5
40. Rc4 Rb5 41. Kf3 g5 42. Ke4 Kg6 43. Rc8 f5+ 44. Kd3 g4 45. Kc4 Rb7 46. Rc6+
Kg5 47. Re6 e4 48. Kxd4 h5 49. Re8 h4 50. Ke3 h3 51. Rg8+ Kh6 52. Rc8 h2 53.
Rc1 Kg5 54. Rh1 Rh7 55. Kd4 Kf4 56. Kc4 Kf3 0-1

[Event "World Youth Chess Championship 2016 G16"]
[Site "Khanty Mansiysk"]
[Date "2016.09.22"]
[Round "1.14"]
[White "Kostava, Elene"]
[Black "Vazquez Maccarini, Danitza"]
[Result "0-1"]
[WhiteElo "1756"]
[BlackElo "2142"]
[PlyCount "72"]
[EventDate "2016.09.22"]

1. Nf3 Nf6 2. c4 e6 3. e3 b6 4. Nc3 Bb7 5. Be2 Bb4 6. O-O O-O 7. Qc2 Bxc3 8.
bxc3 d6 9. Rd1 Nbd7 10. d4 Ne4 11. Ne1 f5 12. f3 Ng5 13. Ba3 Qf6 14. Nd3 Nf7
15. Nf2 Qg6 16. Rab1 Rab8 17. Qa4 Nf6 18. Nh3 Nh5 19. c5 Ng5 20. Nxg5 Qxg5 21.
Rd3 bxc5 22. Rc1 cxd4 23. cxd4 Nf6 24. g3 Qh5 25. Kg2 Be4 26. Rd2 Ng4 27. h3
Nxe3+ 28. Kf2 Qxh3 29. Kxe3 Qxg3 30. Rdd1 f4+ 31. Kd2 Bxf3 32. Bxf3 Qxf3 33.
Re1 Qd5 34. Rc2 f3 35. Rf1 Rf4 36. Bb2 Rxb2 0-1

[Event "World Youth Chess Championship 2016 G16"]
[Site "Khanty Mansiysk"]
[Date "2016.09.22"]
[Round "1.15"]
[White "Afonasieva, Anna"]
[Black "Campos Toledo, Andrea Celeste"]
[Result "1/2-1/2"]
[WhiteElo "2132"]
[BlackElo "1750"]
[PlyCount "144"]
[EventDate "2016.09.22"]

1. d4 Nf6 2. Nf3 e6 3. g3 Nc6 4. Bg2 d5 5. O-O Bd6 6. c4 b6 7. Nc3 Bb7 8. Bg5
Be7 9. cxd5 Nxd5 10. Nxd5 exd5 11. Bxe7 Nxe7 12. Rc1 O-O 13. Ne5 Ng6 14. Nc6
Qd6 15. Qa4 Rfe8 16. Qb5 a6 17. Qxd5 Qxd5 18. Bxd5 Rxe2 19. Ne7+ Rxe7 20. Bxb7
Rd8 21. Bxa6 Rxd4 22. a3 c5 23. Bb5 Nf8 24. Rc2 g6 25. a4 Re5 26. Ra1 Ne6 27.
Bc4 Rde4 28. Bxe6 Rxe6 29. Kf1 Re8 30. a5 Ra8 31. a6 Re7 32. Rc4 Rea7 33. Rca4
b5 34. Ra5 Rb8 35. Rc1 c4 36. Ke2 Rb6 37. Rca1 b4 38. Kd2 Kf8 39. Kc2 Re6 40.
Rd1 Raxa6 41. Rxa6 Rxa6 42. Rd4 Rc6 43. Rd8+ Ke7 44. Rb8 b3+ 45. Kc3 Ke6 46.
Kd4 Rd6+ 47. Kxc4 Rd2 48. Rxb3 Rxf2 49. h3 h5 50. Re3+ Kd6 51. b4 Kc6 52. h4
Kb6 53. Rd3 f6 54. Rd6+ Kc7 55. Re6 Rf3 56. Kb5 g5 57. hxg5 fxg5 58. Rh6 Rxg3
59. Rxh5 Rg1 60. Rh7+ Kc8 61. Kb6 g4 62. b5 g3 63. Rc7+ Kd8 64. Rc3 g2 65. Rc2
Kd7 66. Re2 Kd6 67. Ra2 Kd5 68. Ka6 Ke4 69. b6 Kf3 70. b7 Rb1 71. Rxg2 Kxg2 72.
Ka7 Ra1+ 1/2-1/2

[Event "World Youth Chess Championship 2016 G16"]
[Site "Khanty Mansiysk"]
[Date "2016.09.22"]
[Round "1.16"]
[White "Tumova, Anna"]
[Black "Monroy G., Nataly A"]
[Result "0-1"]
[WhiteElo "1711"]
[BlackElo "2105"]
[PlyCount "72"]
[EventDate "2016.09.22"]

1. e4 c5 2. Nf3 Nc6 3. d4 cxd4 4. Nxd4 g6 5. c4 Nf6 6. Nc3 d6 7. Be2 Bg7 8. Be3
O-O 9. O-O Nxd4 10. Bxd4 Bd7 11. f4 Bc6 12. Qd3 a5 13. Rad1 Nd7 14. Bxg7 Kxg7
15. Nd5 Kg8 16. Kh1 e6 17. Nc3 Nc5 18. Qxd6 Qb6 19. b3 Rad8 20. Qe7 Bxe4 21.
Nb5 Rxd1 22. Rxd1 Bc6 23. Nd6 Ne4 24. Nxe4 Bxe4 25. Qd6 Qf2 26. Bf1 Qxa2 27.
Qb6 a4 28. bxa4 Qxa4 29. Rd8 Qa1 30. Kg1 Qc3 31. Qd6 Rxd8 32. Qxd8+ Kg7 33. Qb6
Qd2 34. Qc7 Qd4+ 35. Kh1 Bd3 36. Bxd3 Qa1+ 0-1

[Event "World Youth Chess Championship 2016 G16"]
[Site "Khanty Mansiysk"]
[Date "2016.09.22"]
[Round "1.17"]
[White "Sliwicka, Alicja"]
[Black "Saumy, Zainab"]
[Result "1-0"]
[WhiteElo "2092"]
[BlackElo "1688"]
[PlyCount "71"]
[EventDate "2016.09.22"]

1. e4 c5 2. Nf3 d6 3. d4 cxd4 4. Nxd4 Nf6 5. f3 e5 6. Nb3 Be6 7. c4 Qc7 8. Be3
Nbd7 9. Nc3 Be7 10. Nd5 Bxd5 11. cxd5 O-O 12. Bd3 Rfc8 13. O-O Ne8 14. Rc1 Qd8
15. Qd2 Nb6 16. Na5 Rxc1 17. Rxc1 Rb8 18. g3 Kh8 19. h4 f5 20. exf5 Nxd5 21.
Bf2 Nb6 22. Nc4 Nc8 23. f4 Nf6 24. fxe5 Ng4 25. e6 Nxf2 26. Qxf2 b5 27. Ne3 d5
28. Ng4 Nb6 29. Ne5 Qf8 30. Nd7 Nxd7 31. exd7 a6 32. Kh2 Rb7 33. f6 Bd8 34. Qf5
g6 35. Qxd5 Rb6 36. Re1 1-0

[Event "World Youth Chess Championship 2016 G16"]
[Site "Khanty Mansiysk"]
[Date "2016.09.22"]
[Round "1.18"]
[White "Kochukova, Anna"]
[Black "Dong, Khanh Linh"]
[Result "1-0"]
[WhiteElo "2073"]
[BlackElo "1671"]
[PlyCount "81"]
[EventDate "2016.09.22"]

1. e4 e6 2. c4 b6 3. d4 Bb7 4. Nc3 Bb4 5. Bd3 Nc6 6. Nf3 Qe7 7. O-O Bxc3 8.
bxc3 O-O-O 9. d5 Na5 10. Qa4 d6 11. Ba3 c6 12. Bb4 cxd5 13. exd5 exd5 14. Bxa5
bxa5 15. Bf5+ Kb8 16. Nd4 Qc7 17. Rab1 Ne7 18. Bd3 Ka8 19. Nb5 Qb6 20. Rfe1 Nc8
21. cxd5 Bxd5 22. Be4 Bxe4 23. Qxe4+ d5 24. Qe5 Rd7 25. Qf5 Rhd8 26. Re2 g6 27.
Qd3 a6 28. Nd4 Qf6 29. Reb2 Na7 30. Rb6 Rd6 31. Rb7 Rc8 32. g3 h5 33. Qe2 h4
34. Qb2 Nb5 35. Nxb5 axb5 36. Qxb5 Qd8 37. Rxf7 Rb8 38. Rb7 Rb6 39. Rxb6 Rxb6
40. Qxb6 Qxb6 41. Rxb6 1-0

[Event "World Youth Chess Championship 2016 G16"]
[Site "Khanty Mansiysk"]
[Date "2016.09.22"]
[Round "1.19"]
[White "Griciute, Rosita"]
[Black "Broly, Mathilde"]
[Result "0-1"]
[WhiteElo "1641"]
[BlackElo "2046"]
[PlyCount "56"]
[EventDate "2016.09.22"]

1. e4 e6 2. d4 d5 3. exd5 exd5 4. Qf3 Nf6 5. h3 Bd6 6. Bd3 O-O 7. Bg5 Qe8+ 8.
Ne2 Ne4 9. Bf4 c6 10. O-O Bxf4 11. Qxf4 Qe7 12. Nd2 f5 13. Nf3 Nd7 14. c4 g5
15. Qc1 g4 16. hxg4 fxg4 17. Nh2 Ndf6 18. Re1 Qf7 19. Rf1 Qg7 20. Qe3 Bd7 21.
Rad1 Rae8 22. Qc1 Rf7 23. b3 h5 24. g3 Ng5 25. Nf4 Nh3+ 26. Kh1 Nxf4 27. Qxf4
Ne4 28. Qc1 Nxf2+ 0-1

[Event "World Youth Chess Championship 2016 G16"]
[Site "Khanty Mansiysk"]
[Date "2016.09.22"]
[Round "1.20"]
[White "Sakorenko, Adriana"]
[Black "Petraki, Argiro"]
[Result "1-0"]
[WhiteElo "2007"]
[BlackElo "1632"]
[PlyCount "61"]
[EventDate "2016.09.22"]

1. e4 c5 2. Nf3 d6 3. c3 Nf6 4. Bd3 Nc6 5. Bc2 Bg4 6. d3 e6 7. Nbd2 Be7 8. h3
Bh5 9. Nf1 Qc7 10. Ng3 Bxf3 11. Qxf3 d5 12. O-O Rd8 13. Qe2 b5 14. f4 e5 15.
Nf5 O-O 16. fxe5 Qxe5 17. Bg5 Bd6 18. Bf4 Qe6 19. Bxd6 Rxd6 20. Nxd6 Qxd6 21.
Rae1 Re8 22. Qf2 dxe4 23. dxe4 Ne5 24. Rd1 Qc6 25. Qg3 b4 26. cxb4 cxb4 27. Rc1
Qc5+ 28. Kh1 Qb6 29. Ba4 Ned7 30. e5 Ne4 31. Qf4 1-0

[Event "World Youth Chess Championship 2016 G16"]
[Site "Khanty Mansiysk"]
[Date "2016.09.22"]
[Round "1.21"]
[White "Tomcikova, Zuzana"]
[Black "Yang, Yijing"]
[Result "1/2-1/2"]
[WhiteElo "1621"]
[BlackElo "1975"]
[PlyCount "119"]
[EventDate "2016.09.22"]

1. e4 e6 2. d4 d5 3. Nd2 Be7 4. Ngf3 Nf6 5. Bd3 c5 6. exd5 Qxd5 7. dxc5 Bxc5 8.
O-O O-O 9. Qe2 Nc6 10. Ne4 Nxe4 11. Qxe4 Qxe4 12. Bxe4 Bd7 13. Bf4 f5 14. Bd3
Nb4 15. Ne5 Nxd3 16. Nxd3 Bb6 17. Ne5 Be8 18. Rfe1 Rc8 19. c3 h6 20. h4 Bd8 21.
Nf3 Bc6 22. Nd4 Bxh4 23. Rxe6 Bd7 24. Re2 Rfe8 25. Rae1 Kf7 26. Nf3 Bf6 27.
Ne5+ Bxe5 28. Bxe5 a6 29. Bd6 Re6 30. Rxe6 Bxe6 31. a3 a5 32. Be5 Bb3 33. Bd4
a4 34. Re5 Bc2 35. Rc5 Rxc5 36. Bxc5 Bd3 37. f3 g5 38. Kf2 f4 39. Bd4 Ke6 40.
Bg7 h5 41. Bd4 b5 42. Bg7 Kf5 43. Bd4 g4 44. fxg4+ hxg4 45. Bg7 Ke4 46. Bd4 Bc4
47. Bc5 Bd5 48. g3 f3 49. Be7 Kd3 50. Bf6 Bc4 51. Be7 Kc2 52. Bd6 Kb3 53. Be7
Ka2 54. Bd6 Kxb2 55. Be7 Kxc3 56. Bd6 Bd5 57. Be7 Kd3 58. Bd6 Be4 59. Be7 Bb7
60. Bd6 1/2-1/2

[Event "World Youth Chess Championship 2016 G16"]
[Site "Khanty Mansiysk"]
[Date "2016.09.22"]
[Round "1.22"]
[White "Hrescak, Ivana"]
[Black "Wijesuriya, G P Y."]
[Result "1-0"]
[WhiteElo "1957"]
[BlackElo "1588"]
[PlyCount "67"]
[EventDate "2016.09.22"]

1. Nf3 Nf6 2. g3 e6 3. Bg2 d5 4. O-O c5 5. d3 Nc6 6. Nbd2 Bd6 7. e4 O-O 8. Qe2
dxe4 9. dxe4 e5 10. c3 Be6 11. Rd1 Bc7 12. h3 h6 13. Nh4 Qc8 14. g4 g6 15. Qe3
Kh7 16. Ndf3 Rh8 17. Nf5 Qf8 18. Nxh6 Ng8 19. Ng5+ Kg7 20. Nxe6+ fxe6 21. Rd7+
Nce7 22. Nxg8 Kxg8 23. Rxc7 b6 24. Qg5 Rh7 25. Qxe5 Qf7 26. Bg5 Re8 27. Rd1 Rf8
28. f3 Re8 29. Rdd7 Kf8 30. Bxe7+ Kg8 31. Qd6 Rxe7 32. Rxe7 Qf8 33. Qxe6+ Kh8
34. Rxh7# 1-0

[Event "World Youth Chess Championship 2016 G16"]
[Site "Khanty Mansiysk"]
[Date "2016.09.22"]
[Round "1.23"]
[White "Sevilla, Julia"]
[Black "Grigoryan, Arpine"]
[Result "0-1"]
[WhiteElo "1546"]
[BlackElo "1942"]
[PlyCount "72"]
[EventDate "2016.09.22"]

1. d4 Nf6 2. c4 e6 3. g3 c5 4. d5 exd5 5. cxd5 b5 6. Bg2 d6 7. e4 Nbd7 8. Ne2
g6 9. b3 Bg7 10. Bb2 O-O 11. Nd2 Re8 12. Qc2 Ba6 13. O-O Nxd5 14. Bxg7 Kxg7 15.
Qd3 Nb4 16. Qxd6 Nf6 17. Qxd8 Raxd8 18. Rfd1 Nd3 19. Rab1 Ng4 20. Nf1 Ngxf2 21.
Rd2 Nxe4 22. Bxe4 Rxe4 23. Nf4 Red4 24. Rbd1 c4 25. Ne3 Nxf4 26. Rxd4 Ne2+ 27.
Kf2 Nxd4 28. Nc2 Ne6 29. Rxd8 Nxd8 30. bxc4 bxc4 31. Nb4 Bb7 32. Ke3 Ne6 33.
Kd2 Nc7 34. Nc2 Nd5 35. Na3 c3+ 36. Kc2 Bc8 0-1

[Event "World Youth Chess Championship 2016 G16"]
[Site "Khanty Mansiysk"]
[Date "2016.09.22"]
[Round "1.24"]
[White "Khristenko, Anna"]
[Black "Gardiner, Nina"]
[Result "1-0"]
[WhiteElo "1938"]
[BlackElo "1530"]
[PlyCount "77"]
[EventDate "2016.09.22"]

1. Nf3 d5 2. g3 Nf6 3. Bg2 e6 4. O-O Bd6 5. d4 Nbd7 6. Nbd2 O-O 7. c4 c6 8. b3
e5 9. dxe5 Nxe5 10. Bb2 Ng6 11. Qc2 Re8 12. Rfe1 Bd7 13. Rad1 Rc8 14. e4 dxe4
15. Bxf6 Qxf6 16. Nxe4 Qf5 17. Rxd6 Rcd8 18. Qd3 h6 19. Nc3 Rxe1+ 20. Nxe1 Qe5
21. Nf3 Qe7 22. Ne4 b6 23. c5 Nf8 24. Nh4 Qe5 25. Qd4 Qe7 26. Nf5 Bxf5 27. Rxd8
bxc5 28. Qd6 Qxd6 29. Nxd6 Bb1 30. Bxc6 Bxa2 31. Bd5 Bb1 32. Bxf7+ Kh7 33. Rxf8
Bd3 34. h4 g6 35. Bd5 h5 36. Ne8 Bf5 37. Nf6+ Kg7 38. Rf7+ Kh8 39. Rh7# 1-0

[Event "World Youth Chess Championship 2016 G16"]
[Site "Khanty Mansiysk"]
[Date "2016.09.22"]
[Round "1.25"]
[White "Shih, Ching-An"]
[Black "Gundogan, Sinem Cagla"]
[Result "0-1"]
[WhiteElo "1460"]
[BlackElo "1933"]
[PlyCount "110"]
[EventDate "2016.09.22"]

1. Nf3 Nf6 2. g3 d5 3. Bg2 c6 4. d4 e6 5. c3 Bd6 6. O-O Nbd7 7. Nbd2 O-O 8. Re1
e5 9. dxe5 Nxe5 10. Nxe5 Bxe5 11. Nf3 Bd6 12. Qc2 Re8 13. Bd2 Ne4 14. Be3 Bf5
15. Nh4 Bd7 16. Rad1 Qe7 17. Qc1 b6 18. Nf3 h6 19. Bf4 Bc5 20. Nd4 g5 21. Be3
Rac8 22. Nc2 Bd6 23. c4 Bf5 24. cxd5 cxd5 25. Rxd5 Nxg3 26. hxg3 Bxc2 27. Rd4
Be5 28. Rd2 Qb4 29. Rxc2 Rxc2 30. Qxc2 Qxe1+ 31. Kh2 Bxg3+ 32. fxg3 Rxe3 33.
Qc8+ Kg7 34. Qg4 Qxe2 35. Qd4+ Kh7 36. Qf6 Qh5+ 37. Kg1 Rxg3 38. Kf2 Rxg2+ 39.
Kxg2 Qg4+ 40. Kh1 Qe6 41. Qf3 f5 42. Qb7+ Kg6 43. Qxa7 Qe4+ 44. Kg1 Qb1+ 45.
Kh2 Qxb2+ 46. Kh1 g4 47. Qb8 Qb1+ 48. Kg2 Qxa2+ 49. Kh1 Qe6 50. Kg2 h5 51. Kh1
h4 52. Kg2 Qe2+ 53. Kh1 Qf3+ 54. Kh2 g3+ 55. Kh3 Qh1# 0-1

[Event "World Youth Chess Championship 2016 G16"]
[Site "Khanty Mansiysk"]
[Date "2016.09.22"]
[Round "1.26"]
[White "Jie, Tianhui"]
[Black "Ni Mhuireagain, Eibhia"]
[Result "1-0"]
[WhiteElo "1914"]
[BlackElo "1433"]
[PlyCount "95"]
[EventDate "2016.09.22"]

1. d4 d5 2. c4 c6 3. Nf3 e6 4. Nc3 dxc4 5. a4 Bb4 6. e3 b5 7. Bd2 Bxc3 8. Bxc3
a5 9. b4 Nf6 10. axb5 cxb5 11. bxa5 Nc6 12. Ne5 Nxe5 13. dxe5 Qxd1+ 14. Kxd1
Ne4 15. Be1 O-O 16. Kc2 Rd8 17. f3 Nc5 18. Bc3 Nd3 19. Rb1 Rb8 20. Bd4 b4 21.
Bxd3 b3+ 22. Kc3 cxd3 23. Kxd3 Rd5 24. Kc3 Rdb5 25. Rb2 Rxa5 26. Rxb3 Rxb3+ 27.
Kxb3 Bb7 28. Rc1 Kf8 29. e4 Ba6 30. Bc5+ Ke8 31. Bb4 Rb5 32. Rc6 Bb7 33. Rc7
Ba6 34. Re7+ Kd8 35. Rxf7 Rxe5 36. Rxg7 Rh5 37. h3 Bf1 38. Kc3 Rh6 39. Kd4 Rg6
40. Rxh7 Bxg2 41. f4 Rg3 42. h4 Rg4 43. Ke5 Bh3 44. h5 Rg8 45. h6 Rg6 46. Rh8+
Kd7 47. h7 Rh6 48. Ra8 1-0

[Event "World Youth Chess Championship 2016 G16"]
[Site "Khanty Mansiysk"]
[Date "2016.09.22"]
[Round "1.27"]
[White "Nazarova, Veronika"]
[Black "Prakapuk, Vera"]
[Result "0-1"]
[WhiteElo "1303"]
[BlackElo "1908"]
[PlyCount "112"]
[EventDate "2016.09.22"]

1. e4 c6 2. d4 d5 3. Nc3 dxe4 4. Nxe4 Bf5 5. Ng3 Bg6 6. h4 h6 7. Nf3 Nd7 8. h5
Bh7 9. Bd3 Bxd3 10. Qxd3 Ngf6 11. Bf4 Qa5+ 12. Bd2 Qc7 13. O-O-O e6 14. Ne4
Nxe4 15. Qxe4 Nf6 16. Qd3 O-O-O 17. Qb3 Bd6 18. Bb4 Bxb4 19. Qxb4 Ne4 20. Rhf1
Qf4+ 21. Kb1 Rd5 22. c4 Rxh5 23. Qb3 Rd8 24. Qe3 Qxe3 25. fxe3 Ng3 26. Rfe1 c5
27. a3 Rf5 28. dxc5 Rxd1+ 29. Rxd1 Rxc5 30. b3 Ne4 31. Kb2 Nf6 32. Nd4 a6 33.
g3 Rg5 34. Ne2 Ne4 35. Rg1 Rf5 36. Kc2 Rf2 37. Kd3 Nc5+ 38. Kd2 Nxb3+ 39. Kd3
Nc5+ 40. Kd2 e5 41. Ke1 Rf3 42. Kd2 Ne4+ 43. Kd3 Nf2+ 44. Kd2 Ng4 45. e4 Rxa3
46. Nc3 Rb3 47. Kc2 Rb4 48. c5 Rc4 49. Kd3 Rxc5 50. Nd5 b5 51. Ra1 Kb7 52. Rf1
f6 53. Rb1 Rc4 54. Nc3 Nf2+ 55. Ke2 Nxe4 56. Nxe4 Rxe4+ 0-1

[Event "World Youth Chess Championship 2016 G16"]
[Site "Khanty Mansiysk"]
[Date "2016.09.22"]
[Round "1.28"]
[White "Hamedi Nia, Vesal"]
[Black "Oberholzer, Marni"]
[Result "1-0"]
[WhiteElo "1904"]
[BlackElo "1683"]
[PlyCount "55"]
[EventDate "2016.09.22"]

1. d4 d5 2. c4 c6 3. Nc3 Nf6 4. Nf3 e6 5. cxd5 exd5 6. Qc2 Bb4 7. Bg5 Nbd7 8.
e3 O-O 9. Bd3 Re8 10. Bxh7+ Kh8 11. Bd3 Qb6 12. O-O Bd6 13. Rfe1 a6 14. a3 Qc7
15. h3 Ng8 16. e4 dxe4 17. Nxe4 Rf8 18. Nxd6 Qxd6 19. Re4 Nb6 20. Rh4+ Nh6 21.
Qd2 Kg8 22. Bxh6 gxh6 23. Rxh6 f6 24. Ne5 Qc7 25. Rg6+ Kh8 26. Qh6+ Qh7 27.
Rg8+ Kxg8 28. Qxh7# 1-0